AKP'nin gerçek yüzü (Kayıt no. 11960)

MARC ayrıntıları
000 -BAŞLIK
Sabit Uzunlukta Kontrol Alanı 00781na a2200277 4500
001 - KONTROL NUMARASI
Denetim Alanı 24290
003 - KONTROL NUMARASI IDENTIFIER
Denetim Alanı MIRAKIL
005 - SON İŞLEM TARİHİ VE ZAMANI
Denetim Alanı 20181226104238.0
008 - SABİT-BOY VERİ ELEMANLARI - GENEL BİLGİLER
Sabit Uzunlukta Kontrol Alanı 180909b tu 000 0
035 ## - SİSTEM KONTROL NUMARASI
Sistem Kontrol Numarası 16197
041 ## - DİL KODU
Metin / Ses Parça Veya Ayrı Başlığın Dil Kodu tur
082 ## - DEWEY ONLU SINIFLANDIRMA NUMARASI
Sınıflandırma Numarası 324.2182
Ürün Numarası Ö94a 2014
090 ## - SINIFLAMA NUMARASI
Sınıflama Numarası 324.2182 Ö94a 2014
100 ## - ANA GİRİŞ - KİŞİSEL İSİM
Kişisel Ad Özkes, İhsan
245 ## - BAŞLIK TABLOSU
Başlık AKP'nin gerçek yüzü
Sorumluluk Tablosu, Vb İhsan Özkes
260 ## - YAYIN, DAĞITIM, VB
Yayın, Dağıtım, Vb Yeri [y. y.]
Yayıncı, Dağıtıcı, Vs Adı [yayl. y.]
Yayın, Dağıtım, Vb Tarihi 2014
300 ## - FİZİKSEL TANIM
Kapsam 146 s.
Diğer Fiziksel Ayrıntıları fotğ.
Boyutlar 21 sm.
610 ## - KONU KATMA GİRİŞ - TOPLANTI ADI
Giriş Elemanı Olarak Kurumsal Ad Veya Yargı Alanı Adı AKP ve din
610 ## - KONU KATMA GİRİŞ - TOPLANTI ADI
Giriş Elemanı Olarak Kurumsal Ad Veya Yargı Alanı Adı AKP
Genel Alt Bölüm Siyaset ve yönetim
Kronolojik Alt Bölüm Eleştiriler
650 ## - KONU KATMA GİRİŞ - TOPİKAL DÖNEM
Topikal Süreli Veya Coğrafi Ad Giriş Elemanı Yolsuzluklar
Coğrafi Alt Bölümü Türkiye
650 ## - KONU KATMA GİRİŞ - TOPİKAL DÖNEM
Topikal Süreli Veya Coğrafi Ad Giriş Elemanı İktidar eleştirisi
Genel Alt Bölümü Yolsuzluklar
Coğrafi Alt Bölümü Türkiye
710 ## - KATMA GİRİŞ - KURUMSAL ADI
Giriş Elemanı Olarak Kurumsal Ad Veya Yargı Alanı Adı Adalet ve Kakınma Partisi (AKP)
942 ## - EKLENDİ GİRİŞ ELEMANLARI (KOHA)
Sınıflandırma Veya Raf Düzeni Kaynak Dewey Decimal Classification
Koha Öğesi Türü Kitaplar
040 ## - KATALOGLAMA KAYNAK
Orijinal Kataloglama Ajansı Milas
Kataloglama Dili tur
Metne Dönüştürmek Ajansı TR-AnCHP
999 ## - SİSTEM KONTROL NUMARALARI (KOHA)
Koha Biblionumber 11960
Koha Biblioitemnumber 11960
657 ## - INDEX SÜRE - İŞLEVİ
-- AKP eleştirisi
Mevcut
Kullanım Kısıtlamaları Kalıcı Konum Mevcut Konum Edinme Tarihi Toplam Check-Out'Lar Tam Çağrı Numarası Barkod Tarih Son Görülme İtibaren Geçerli Fiyatlar Sigara Kamu Notu Koha Öğesi Türü
  Parti Okulu Kütüphanesi Parti Okulu Kütüphanesi 09/09/2018   324.2182 Ö94a 2014 P00078 09/09/2018 09/09/2018 Kitaplar